000 00721nam a22002295i 4500
001 13040
003 ES-MaACL
005 20260213163043.0
007 t|
008 920424s1992 sp a c |||| | spa j
020 _a84-7599-113-0
080 _a017.1(460.315 A.)
110 2 _aBiblioteca "Gabriel Miró"
_92176
245 1 0 _aCatálogo de los fondos de la biblioteca personal de Gabriel Miró.
260 _aAlicante :
_bCaja de Ahorros del Mediterráneo,
_cD.L. 1992.
300 _a124 p. :
_bil. ;
_c21 x 21 cm.
500 _aÍndice.
610 2 4 _aBiblioteca "Gabriel Miró"-
_vCatálogos.
_92177
710 0 _aCaja de Ahorros del Mediterráneo
_92294
852 _aES-MaACL
_jL-20396
999 _c13040
_d13040